000 00285nam a2200121Ia 4500
008 190216s9999||||xx |||||||||||||| ||und||
100 _aWhitehall H
245 0 _aStructural Essentials Of English
260 _bOrient Longman
_c1970
300 _a147
650 _aEnglish
942 _cBK
999 _c12930
_d12930